00535nam a22001697a 450000500170000001000130001702000250003003500120005503700130006708200080008010000310008824500610011924600470018026000530022727000590028030000260033920230822110013.0 aUR-12144 a9789395400237c90.00 aU-10699 bDBAD/PUB a841 aمحفوظ الر حمان aحضرت امیر خسرو /cمحفوظ الر حمان aHazrat Ameer Khusro /bby Mahfoozur Rahman aNew DelhibEducational Publishing Housec2022 ء aH.O. D1/16, Ansari Road, Darya GanjbNew Delhie110002 a60 صc22cm(pbk)